Detalles MARC
| 000 -CABECERA |
| campo de control de longitud fija |
01952nam a2200433 i 4500 |
| 001 - NÚMERO DE CONTROL |
| campo de control |
bimo0000336852 |
| 003 - IDENTIFICADOR DEL NÚMERO DE CONTROL |
| campo de control |
AR-RoIUNI |
| 005 - FECHA Y HORA DE LA ÚLTIMA TRANSACCIÓN |
| campo de control |
20210315124653.0 |
| 007 - CAMPO FIJO DE DESCRIPCIÓN FÍSICA--INFORMACIÓN GENERAL |
| campo de control de longitud fija |
ta |
| 008 - DATOS DE LONGITUD FIJA--INFORMACIÓN GENERAL |
| campo de control de longitud fija |
921126s1991 sp r |||1 ||spa d |
| 016 7# - NÚMERO DE CONTROL DE UNA AGENCIA BIBLIOGRÁFICA NACIONAL |
| Número de control del registro |
bimoBNE19930633675 |
| Número de control de registro cancelado o inválido |
CEN920144854 |
| Fuente |
SpMaBN |
| 017 ## - NÚMERO DE COPYRIGHT O DE DEPÓSITO LEGAL |
| Número de copyright o de depósito legal |
B 13164-1991 |
| Agencia que asigna |
Oficina Depósito Legal Barcelona |
| 020 ## - NÚMERO INTERNACIONAL ESTÁNDAR DEL LIBRO |
| Número Internacional Estándar del Libro |
8475096697 |
| 035 ## - NÚMERO DE CONTROL DEL SISTEMA |
| Número de control de sistema |
(OCoLC)318323619 |
| 040 ## - FUENTE DE LA CATALOGACIÓN |
| Centro catalogador/agencia de origen |
SpMaBN |
| Centro/agencia transcriptor |
AR-RoIUNI |
| 041 1# - CÓDIGO DE LENGUA |
| Código de lengua del texto/banda sonora o título independiente |
spa |
| Código de lengua original |
eng |
| 080 ## - NÚMERO DE LA CLASIFICACIÓN DECIMAL UNIVERSAL |
| Número de la Clasificación Decimal Universal |
17.026 |
| 100 1# - ENTRADA PRINCIPAL--NOMBRE DE PERSONA |
| Nombre de persona |
Rorty, Richard |
| Fechas asociadas al nombre |
1931-2007 |
| 245 10 - MENCIÓN DE TÍTULO |
| Título |
Contingencia, ironía y solidaridad / |
| Mención de responsabilidad, etc. |
Richard Rorty ; [traducción de Alfredo Eduardo Sinnot]. |
| 250 ## - MENCIÓN DE EDICIÓN |
| Mención de edición |
1a ed. |
| 260 ## - PUBLICACIÓN, DISTRIBUCIÓN, ETC. (PIE DE IMPRENTA) |
| Lugar de publicación, distribución, etc. |
Barcelona : |
| Nombre del editor, distribuidor, etc. |
Paidós, |
| Fecha de publicación, distribución, etc. |
1991. |
| 300 ## - DESCRIPCIÓN FÍSICA |
| Extensión |
222 p. ; |
| Dimensiones |
22 cm. |
| 490 #0 - MENCIÓN DE SERIE |
| Mención de serie |
Paidós básica ; |
| Designación de volumen o secuencia |
54 |
| 500 4# - NOTA GENERAL |
| Nota general |
Traducción de : Contingency, irony and solidarity |
| 505 0# - NOTA DE CONTENIDO CON FORMATO |
| Nota de contenido con formato |
1. La contingencia del lenguaje -- 2. La contingencia del yo -- 3. La contingencia de una comunidad liberal -- 4. Ironía privada y esperanza liberal -- 5. Creación de sí mismo y afiliación: Proust, Nietzsche y Heidegger -- 6. De la teoría ironista a las alusiones privadas: Derrida -- 7. El barbero de Kasbeam: la crueldad de Nabokov -- 8. El último intelecual de Europa: la crueldad en Orwell -- 9. Solidaridad. |
| 650 #4 - PUNTO DE ACCESO ADICIONAL DE MATERIA--TÉRMINO DE MATERIA |
| Término de materia o nombre geográfico como elemento inicial |
PSICOLOGÍA |
| 9 (RLIN) |
108 |
| 650 #4 - PUNTO DE ACCESO ADICIONAL DE MATERIA--TÉRMINO DE MATERIA |
| Término de materia o nombre geográfico como elemento inicial |
FILOSOFÍA |
| 9 (RLIN) |
77 |
| 700 11 - PUNTO DE ACCESO ADICIONAL--NOMBRE DE PERSONA |
| Nombre de persona |
Sinnot, Alfredo Eduardo |
| 942 ## - ELEMENTOS DE PUNTO DE ACCESO ADICIONAL (KOHA) |
| Fuente del sistema de clasificación o colocación |
Clasificación Decimal Universal |
| Tipo de ítem Koha |
Libros |
| 956 ## - LOCALIZACIÓN Y ACCESO ELECTRÓNICOS LOCAL (OCLC) |
| Nombre del host |
1 2 |
| 980 ## - EQUIVALENCIA O REFERENCIA-CRUZADA-MENCIÓN DE SERIE--NOMBRE DE PERSONA/TÍTULO [LOCAL, CANADÁ] |
| Nombre de persona |
M-BN |
| Numeración |
BNMADRID |
| Calificador de atribución |
9/95489 |
| Títulos y otros términos asociados al nombre |
SG_RECOLET |
| 980 ## - EQUIVALENCIA O REFERENCIA-CRUZADA-MENCIÓN DE SERIE--NOMBRE DE PERSONA/TÍTULO [LOCAL, CANADÁ] |
| Nombre de persona |
B 13164-1991 |
| -- |
M-BN |
| Numeración |
BNALCALA |
| Calificador de atribución |
AHM/33861 |
| Títulos y otros términos asociados al nombre |
SALA_ALC |
| 980 ## - EQUIVALENCIA O REFERENCIA-CRUZADA-MENCIÓN DE SERIE--NOMBRE DE PERSONA/TÍTULO [LOCAL, CANADÁ] |
| Nombre de persona |
B 7719-1996 |
| -- |
M-BN |
| Numeración |
BNALCALA |
| Calificador de atribución |
AHM/172522 |
| Títulos y otros términos asociados al nombre |
SALA_ALC |
| 980 ## - EQUIVALENCIA O REFERENCIA-CRUZADA-MENCIÓN DE SERIE--NOMBRE DE PERSONA/TÍTULO [LOCAL, CANADÁ] |
| Nombre de persona |
B 7719-1996 |
| -- |
84-7509-669-7 |
| -- |
M-BN |
| Numeración |
BNALCALA |
| Calificador de atribución |
AHM/514768 |
| Títulos y otros términos asociados al nombre |
SALA_ALC |
| 980 ## - EQUIVALENCIA O REFERENCIA-CRUZADA-MENCIÓN DE SERIE--NOMBRE DE PERSONA/TÍTULO [LOCAL, CANADÁ] |
| Nombre de persona |
B 7520-2001 |
| -- |
84-7509-669-7 |
| -- |
M-BN |
| Numeración |
BNALCALA |
| Calificador de atribución |
AHM/521828 |
| Títulos y otros términos asociados al nombre |
SALA_ALC |
| 980 ## - EQUIVALENCIA O REFERENCIA-CRUZADA-MENCIÓN DE SERIE--NOMBRE DE PERSONA/TÍTULO [LOCAL, CANADÁ] |
| Nombre de persona |
M-BN |
| Numeración |
BNALCALA |
| Calificador de atribución |
DL/537438 |
| Títulos y otros términos asociados al nombre |
CONSERVACI |
| 980 ## - EQUIVALENCIA O REFERENCIA-CRUZADA-MENCIÓN DE SERIE--NOMBRE DE PERSONA/TÍTULO [LOCAL, CANADÁ] |
| Nombre de persona |
B 7719-1996 |
| -- |
M-BN |
| Numeración |
BNALCALA |
| Calificador de atribución |
DL/695745 |
| Títulos y otros términos asociados al nombre |
CONSERVACI |
| 980 ## - EQUIVALENCIA O REFERENCIA-CRUZADA-MENCIÓN DE SERIE--NOMBRE DE PERSONA/TÍTULO [LOCAL, CANADÁ] |
| Nombre de persona |
B 7719-1996 |
| -- |
84-7509-669-7 |
| -- |
M-BN |
| Numeración |
BNALCALA |
| Calificador de atribución |
DL/1077641 |
| Títulos y otros términos asociados al nombre |
CONSERVACI |